Statistics for All WWE Elimination Chamber Match Winners

Click here to take the quiz!

General Stats

  • This quiz has been taken 465 times
    (352 since last reset)
  • The average score is 23 of 28

Answer Stats

HintAnswer% Correct
New Years Revolution 2006John Cena
98%
Elimination Chamber 2010 (Raw)John Cena
98%
Elimination Chamber 2011 (Raw)John Cena
98%
Summerslam 2003Triple H
97%
New Years Revolution 2005Triple H
97%
No Way Out 2008 (Raw)Triple H
97%
No Way Out 2009 (SD)Triple H
97%
Survivor Series 2002Shawn Michaels
95%
No Way Out 2009 (Raw)Edge
89%
Elimination Chamber 2011 (SD)Edge
89%
Elimination Chamber 2014Randy Orton
89%
Elimination Chamber 2018 (Mens)Roman Reigns
86%
Elimination Chamber 2021 (Smackdown)Daniel Bryan
85%
Elimination Chamber 2019 (Mens)Daniel Bryan
85%
Elimination Chamber 2012 (World Title)Daniel Bryan
85%
No Way Out 2008 (SD/ECW)Undertaker
85%
Elimination Chamber 2010 (SD)Chris Jericho
82%
Elimination Chamber 2015 (Tag Title)The New Day (Big E, Kofi Kingston & Xavier Woods)
81%
Elimination Chamber 2012 (WWE Title)CM Punk
80%
Elimination Chamber 2019 (Womens)The Boss 'N' Hug Connection (Sasha Banks & Bayley)
80%
Elimination Chamber 2017Bray Wyatt
78%
December To Dismember 2006Bobby Lashley
75%
Elimination Chamber 2018 (Womens)Alexa Bliss
71%
Elimination Chamber 2021 (Raw)Drew McIntyre
69%
Elimination Chamber 2015 (IC Title)Ryback
60%
Elimination Chamber 2013Jack Swagger
57%
Elimination Chamber 2020 (Mens)John Morrison & The Miz
57%
Elimination Chamber 2020 (Womens)Shayna Baszler
51%

Score Distribution

Percentile by Number Answered

Percent of People with Each Score

Your Score History

You have not taken this quiz since the last reset